[Event "Xtracon Chess Open 2018"]
[Site "Elsinore"]
[Date "2018.07.26"]
[Round "7"]
[White "Nilssen, Ellen Fredericia"]
[Black "Greeuw, Sietske"]
[Result "1-0"]
[WhiteElo "2152"]
[BlackElo "1998"]
[EventDate "2018.07.21"]
[WhiteFideId "1441230"]
[BlackFideId "1020285"]

1.c4 c5 2.Nc3 Nf6 3.Nf3 Nc6 4.e3 g6 5.b3 Bg7 6.Bb2 O-O 7.Be2 e5 8.d3 d5 9.
cxd5 Nxd5 10.Nxd5 Qxd5 11.O-O Rd8 12.Qc1 b6 13.d4 cxd4 14.Bc4 Qd6 15.Ng5 
Rf8 16.Ba3 Nb4 17.Nxf7 Rxf7 18.Bxf7+ Kxf7 19.Qc4+ Be6 20.Qxb4 Qd7 21.Qd6 
Rd8 22.Qxd7+ Rxd7 23.e4 Bh6 24.Bc1 Bxc1 25.Raxc1 g5 26.Rfd1 h5 27.Kf1 h4 
28.h3 g4 29.hxg4 Bxg4 30.f3 Bh5 31.Ke2 Kf6 32.Rh1 Kg5 33.Rc8 Rf7 34.Re8 
1-0

[Event "Xtracon Chess Open 2018"]
[Site "Elsinore"]
[Date "2018.07.26"]
[Round "7"]
[White "Thuesen, Mogens"]
[Black "Schmitt, Carsten"]
[Result "1-0"]
[WhiteElo "2139"]
[BlackElo "1997"]
[EventDate "2018.07.21"]
[WhiteFideId "1400878"]
[BlackFideId "24675253"]

1.e4 e6 2.d4 d5 3.Nd2 Nf6 4.e5 Nfd7 5.Bd3 c5 6.c3 Nc6 7.Ne2 cxd4 8.cxd4 f6
9.exf6 Nxf6 10.Nf3 Bd6 11.O-O Qc7 12.Nc3 a6 13.Bd2 O-O 14.Rc1 Bd7 15.Re1 
Rae8 16.Na4 Qb8 17.Nc5 e5 18.Nxd7 Nxd7 19.Qb3 Rxf3 20.gxf3 Nxd4 21.Qxd5+ 
Kh8 22.Bg5 Rf8 23.f4 Nf6 24.Bxf6 Rxf6 25.fxe5 Nf3+ 26.Kh1 Bb4 27.Re3 Bd2 
28.Rxf3 Rxf3 29.Qxf3 Bxc1 30.Qf5 Qg8 31.e6 Bxb2 32.e7 Ba3 33.e8=Q 1-0

[Event "Xtracon Chess Open 2018"]
[Site "Elsinore"]
[Date "2018.07.26"]
[Round "7"]
[White "Poulsen, Iver"]
[Black "Arndt, Uwe"]
[Result "1/2-1/2"]
[WhiteElo "2133"]
[BlackElo "1873"]
[EventDate "2018.07.21"]
[WhiteFideId "1405110"]
[BlackFideId "24647713"]

1.e4 c6 2.c4 d5 3.exd5 cxd5 4.cxd5 Nf6 5.Nc3 Nxd5 6.Nf3 g6 7.Qb3 Nb6 8.
Bb5+ Bd7 9.Ne5 e6 10.d4 Bg7 11.O-O O-O 12.Be3 Bxb5 13.Qxb5 N8d7 14.Rad1 
Nf6 15.Bg5 h6 16.Bxf6 Bxf6 17.Ng4 Bg7 18.Ne3 Qd7 19.Qb3 Rfc8 20.a4 Rd8 21.
Rd2 Rac8 22.Rfd1 Nd5 23.Ncxd5 exd5 24.Rc2 Rc6 25.Rxc6 bxc6 26.Qc3 c5 27.
Qxc5 Qxa4 28.b3 Qxb3 1/2-1/2

[Event "Xtracon Chess Open 2018"]
[Site "Elsinore"]
[Date "2018.07.26"]
[Round "7"]
[White "Solberg, Joachim"]
[Black "Dishman, Matthew"]
[Result "1/2-1/2"]
[WhiteElo "2263"]
[BlackElo "1820"]
[EventDate "2018.07.21"]
[WhiteFideId "1502930"]
[BlackFideId "438642"]

1.e4 c6 2.d4 d5 3.exd5 cxd5 4.c4 Nf6 5.Nc3 Nc6 6.Bg5 dxc4 7.d5 Ne5 8.Qd4 
h6 9.Qxe5 hxg5 10.Bxc4 Bd7 11.Nf3 Rc8 12.Bb3 g4 13.Nd2 Rh5 14.Qd4 Qc7 15.
O-O-O b5 16.Kb1 Qc5 17.Nde4 Nxe4 18.Nxe4 Qxd4 19.Rxd4 Re5 20.Nc3 g6 21.a4 
a6 22.axb5 axb5 23.Rhd1 Bg7 24.Rb4 Rf5 25.Ne4 Re5 26.f3 gxf3 27.gxf3 Rh5 
28.Rd2 Be5 29.h4 Rf5 30.d6 Rxf3 31.dxe7 Rf1+ 32.Rd1 Rxd1+ 33.Bxd1 Bf5 34.
Bf3 Rc4 35.Rxc4 bxc4 36.Kc1 Kxe7 37.Nd2 c3 38.bxc3 Bxc3 39.Ne4 Be1 40.h5 
gxh5 41.Kd1 Bh4 42.Ke2 Bg4 43.Ke3 f5 44.Nc5 Kd6 45.Nd3 Bg5+ 46.Kf2 h4 47.
Bxg4 fxg4 48.Kg2 Be3 49.Ne1 Bg5 50.Nf3 Bf6 51.Nh2 g3 52.Kh3 Kd5 53.Nf1 Be5
54.Kxh4 1/2-1/2

[Event "Xtracon Chess Open 2018"]
[Site "Elsinore"]
[Date "2018.07.26"]
[Round "7"]
[White "Justinussen, Sigurd B."]
[Black "Christensen, Thomas"]
[Result "1-0"]
[WhiteElo "1921"]
[BlackElo "2218"]
[EventDate "2018.07.21"]
[WhiteFideId "7200773"]
[BlackFideId "1407635"]

1.d4 Nf6 2.Nf3 e6 3.Bf4 c5 4.e3 Nh5 5.Bxb8 Rxb8 6.c3 Be7 7.Bd3 cxd4 8.cxd4
b6 9.Nc3 Bb7 10.Rc1 O-O 11.O-O f5 12.d5 Qe8 13.Qb3 Bf6 14.dxe6 dxe6 15.
Bxf5 Bxc3 16.Qxe6+ Kh8 17.Rxc3 Qb5 18.Nd4 Qxb2 19.Rc7 Bc8 20.Qd5 Bxf5 21.
Nxf5 Qe2 22.Nd6 h6 23.Nf7+ Rxf7 24.Qxf7 Qg4 25.h3 Qg5 26.Rfc1 Rg8 27.Rc8 
Rxc8 28.Rxc8+ Kh7 29.Qg8+ Kg6 30.Rc6+ Nf6 31.Qe8+ Kh7 32.Qf7 Kh8 33.Qxa7 
Qe5 34.Qa3 Ne4 35.Rc8+ Kh7 36.Qd3 Qa1+ 37.Kh2 Qe5+ 38.g3 Qf5 39.Rc2 Qf3 
40.Qe2 Qf5 41.Rb2 Kh8 42.Kg2 Ng5 43.Qg4 Qd5+ 44.f3 Qc5 45.h4 Qc1 46.Qd4 
Nf7 47.Qxb6 Nd6 48.Qb8+ Kh7 49.Qb3 Nc4 50.Qd3+ Kg8 51.Qd5+ Kf8 52.Qf5+ Ke7
53.Rb7+ Kd6 54.Rd7+ 1-0

[Event "Xtracon Chess Open 2018"]
[Site "Elsinore"]
[Date "2018.07.26"]
[Round "7"]
[White "Moe, Mogens"]
[Black "Glibstrup, Jakob"]
[Result "0-1"]
[WhiteElo "2199"]
[BlackElo "1920"]
[EventDate "2018.07.21"]
[WhiteFideId "1400550"]
[BlackFideId "1416146"]

1.e4 Nf6 2.e5 Nd5 3.d4 d6 4.Nf3 Nc6 5.Bb5 a6 6.Bxc6+ bxc6 7.c4 Nb6 8.Nbd2 
Bf5 9.exd6 cxd6 10.O-O e6 11.Qe2 Be7 12.b3 O-O 13.Ba3 d5 14.Bxe7 Qxe7 15.
Ne5 Rfc8 16.c5 Nd7 17.g4 Bg6 18.Nxg6 hxg6 19.f4 Re8 20.Rae1 f6 21.Qd3 Kf7 
22.b4 Rh8 23.a4 Rh4 24.h3 Rah8 25.Rf3 Ra8 26.Kg2 Rhh8 27.b5 axb5 28.axb5 
cxb5 29.f5 gxf5 30.gxf5 Nf8 31.fxe6+ Nxe6 32.Kf1 Qd7 33.Qf5 Rad8 34.Nb3 
Rh4 35.Rg3 Ng5 36.Rxg5 Qc7 37.Qg6+ Kf8 38.Rg3 Rh6 39.Qg4 Ra8 40.Rge3 Qh2 
41.Qg2 Qf4+ 42.Kg1 Qf5 43.Rg3 Rh7 44.Rf3 Qd7 45.Qg4 Qc7 46.Qf5 Ra2 47.Rf4 
Rh6 48.Qe6 Rg6+ 49.Kh1 Rh2+ 50.Kxh2 Qxf4+ 0-1

[Event "Xtracon Chess Open 2018"]
[Site "Elsinore"]
[Date "2018.07.26"]
[Round "7"]
[White "Gottstein, Claudius-Thomas"]
[Black "Damm-Frydenberg, Anders"]
[Result "0-1"]
[WhiteElo "2190"]
[BlackElo "1909"]
[EventDate "2018.07.21"]
[WhiteFideId "4653327"]
[BlackFideId "1462970"]

1.e4 e5 2.f4 exf4 3.Nc3 c6 4.d4 Bb4 5.Bxf4 Nf6 6.Bg5 h6 7.Bxf6 Qxf6 8.Nf3 
O-O 9.Be2 d6 10.O-O Qe7 11.Bd3 Bg4 12.Ne2 Nd7 13.h3 Bh5 14.Nf4 Bxf3 15.
Qxf3 Qg5 16.Nh5 Ba5 17.Bc4 Bb6 18.Rad1 Ne5 19.Qe2 Nxc4 20.Nf6+ gxf6 21.
Qxc4 Rae8 22.Rf5 Qe3+ 23.Kh2 Rxe4 24.c3 d5 25.Qf1 Bc7+ 26.Kh1 Rf4 27.Rxf4 
Qxf4 28.Qxf4 Bxf4 29.Rf1 Bd6 30.g4 Kg7 31.Kg2 Rg8 32.Kf3 h5 33.b3 hxg4+ 
34.hxg4 Rh8 0-1

[Event "Xtracon Chess Open 2018"]
[Site "Elsinore"]
[Date "2018.07.26"]
[Round "7"]
[White "Green, Per"]
[Black "Mai, Aron Thor"]
[Result "0-1"]
[WhiteElo "1927"]
[BlackElo "2119"]
[EventDate "2018.07.21"]
[WhiteFideId "1703811"]
[BlackFideId "2313383"]

1.d4 Nf6 2.Nf3 g6 3.c4 Bg7 4.Nc3 O-O 5.e4 d6 6.h3 e5 7.d5 Nh5 8.Nh2 Qe8 9.
Be2 Nf4 10.Bf3 f5 11.g3 Nxh3 12.Bg2 f4 13.Nf3 Nxf2 14.Kxf2 Na6 15.Bh3 h6 
16.Bxc8 Qxc8 17.gxf4 exf4 18.Nd4 Nc5 19.b4 Nd7 20.Rb1 c5 21.Ne6 Bxc3 22.
Nxf8 Qxf8 23.Bb2 Bxb2 24.Rxb2 h5 25.bxc5 Nxc5 26.Qd4 Re8 27.Re2 Re5 28.
Ree1 Qe8 29.Kf3 g5 30.Rhg1 g4+ 31.Kf2 Qe7 32.Rh1 Qg5 33.Kg1 b6 34.Re2 f3 
35.Re1 g3 36.Qe3 f2+ 0-1

[Event "Xtracon Chess Open 2018"]
[Site "Elsinore"]
[Date "2018.07.26"]
[Round "7"]
[White "Schwerteck, Michael"]
[Black "Andersen, Daniel"]
[Result "1-0"]
[WhiteElo "2115"]
[BlackElo "1917"]
[EventDate "2018.07.21"]
[WhiteFideId "4687078"]
[BlackFideId "1402714"]

1.e4 e6 2.d4 d5 3.Nd2 c5 4.exd5 Qxd5 5.Ngf3 cxd4 6.Bc4 Qd6 7.O-O Nf6 8.Nb3
Nc6 9.Nbxd4 Nxd4 10.Nxd4 a6 11.Re1 Qc7 12.Bf1 Bd6 13.Nf5 Bxh2+ 14.Kh1 O-O 
15.Nxg7 Kxg7 16.Qd4 Bd6 17.Bh6+ Kg6 18.Bd3+ Ne4 19.Qg7+ 1-0

[Event "Xtracon Chess Open 2018"]
[Site "Elsinore"]
[Date "2018.07.26"]
[Round "7"]
[White "Christensen, Jacob Foged"]
[Black "Nielsen, Thomas Bach"]
[Result "1/2-1/2"]
[WhiteElo "1916"]
[BlackElo "2111"]
[EventDate "2018.07.21"]
[WhiteFideId "1439073"]
[BlackFideId "1401785"]

1.d4 f5 2.Bg5 h6 3.Bh4 g5 4.Bg3 Nf6 5.e3 Bg7 6.Nf3 d6 7.Bc4 e6 8.Nc3 Qe7 
9.h3 Nc6 10.Qe2 e5 11.dxe5 dxe5 12.O-O-O a6 13.Nd5 Nxd5 14.Bxd5 Bd7 15.Rd2
O-O-O 16.Rhd1 Rhe8 17.Kb1 f4 18.Bh2 Qf6 19.e4 h5 20.Ne1 g4 21.hxg4 hxg4 
22.f3 Nd4 23.Qd3 Bb5 24.Bc4 gxf3 25.gxf3 Nc6 26.Qf1 Rxd2 27.Rxd2 Rd8 28.
Rxd8+ Qxd8 29.Kc1 Qh4 30.Bxb5 1/2-1/2

[Event "Xtracon Chess Open 2018"]
[Site "Elsinore"]
[Date "2018.07.26"]
[Round "7"]
[White "Gula, Julian"]
[Black "Johansen, Oivind"]
[Result "0-1"]
[WhiteElo "1909"]
[BlackElo "2105"]
[EventDate "2018.07.21"]
[WhiteFideId "12954799"]
[BlackFideId "1501119"]

1.Nf3 Nf6 2.b3 g6 3.Bb2 Bg7 4.c4 O-O 5.g3 c6 6.Bg2 d5 7.O-O Re8 8.d3 Nbd7 
9.Nbd2 e5 10.cxd5 Nxd5 11.Qc2 Qe7 12.a3 N7b6 13.Rfe1 Bd7 14.Rac1 Rad8 15.
b4 f6 16.e4 Nc7 17.d4 exd4 18.Nxd4 Nb5 19.N2b3 Nxd4 20.Nxd4 Qf7 21.a4 Bf8 
22.a5 Nc8 23.Qc3 Nd6 24.f4 Bg7 25.Qc5 Nc8 26.Bf1 Kh8 27.Nf3 Bg4 28.Nd4 Bd7
29.Nf3 Bg4 30.Nd4 Bd7 31.h3 Qe7 32.Qc3 Nd6 33.e5 fxe5 34.Nf3 Nf7 35.fxe5 
Be6 36.Qc2 Ng5 37.Nxg5 Qxg5 38.Qf2 Rd2 39.Re2 Rf8 40.Rxd2 Rxf2 41.Rxf2 
Qxg3+ 42.Rg2 Qe3+ 43.Rf2 Bxe5 44.Bxe5+ Qxe5 45.Bg2 Bxh3 46.a6 bxa6 47.Rxc6
Bxg2 48.Rxg2 Qe1+ 49.Kh2 Qh4+ 50.Kg1 Qxb4 51.Rxa6 Qd4+ 52.Kh2 Kg7 53.Rga2 
Qf4+ 54.Kg2 h5 55.Rxa7+ Kh6 56.R7a6 h4 57.R2a3 Kh5 58.R6a5+ g5 59.R5a4 
Qd2+ 60.Kh3 Qe1 61.Kg2 Qe2+ 62.Kh3 g4+ 63.Rxg4 Qxg4+ 0-1

[Event "Xtracon Chess Open 2018"]
[Site "Elsinore"]
[Date "2018.07.26"]
[Round "7"]
[White "Mejvik, Jacob"]
[Black "Christensen, Tommy"]
[Result "1-0"]
[WhiteElo "2099"]
[BlackElo "1904"]
[EventDate "2018.07.21"]
[WhiteFideId "1710621"]
[BlackFideId "1423266"]

1.Nf3 c5 2.c4 Nf6 3.Nc3 g6 4.d4 cxd4 5.Nxd4 e5 6.Nf3 Nc6 7.g3 Bg7 8.Qd6 
Bf8 9.Qd3 h6 10.Bg2 Qe7 11.e4 a6 12.Be3 b5 13.O-O Nb4 14.Qe2 Bb7 15.a3 Nc6
16.cxb5 axb5 17.Nxb5 Ba6 18.Nc7+ 1-0

[Event "Xtracon Chess Open 2018"]
[Site "Elsinore"]
[Date "2018.07.26"]
[Round "7"]
[White "O`Gorman, Alice"]
[Black "Besq, Alexander Le"]
[Result "0-1"]
[WhiteElo "1898"]
[BlackElo "2097"]
[EventDate "2018.07.21"]
[WhiteFideId "2508214"]
[BlackFideId "1437089"]

1.e4 c5 2.Nf3 d6 3.d4 cxd4 4.Nxd4 Nf6 5.Nc3 g6 6.Be3 Bg7 7.f3 O-O 8.Qd2 
Nc6 9.O-O-O d5 10.Qe1 e5 11.Nxc6 bxc6 12.exd5 Nxd5 13.Bc4 Be6 14.Ne4 Qc7 
15.Bc5 Rfd8 16.g4 Rab8 17.h4 h6 18.g5 h5 19.Rg1 a5 20.Qf2 Qb7 21.b3 a4 22.
Nf6+ Nxf6 23.Rxd8+ Rxd8 24.gxf6 Bh6+ 25.Be3 Qa7 26.Re1 Bxc4 27.bxc4 Qd4 
28.Kb1 Rb8+ 29.Kc1 a3 30.c3 Qxc3+ 31.Kd1 Rb1+ 0-1

[Event "Xtracon Chess Open 2018"]
[Site "Elsinore"]
[Date "2018.07.26"]
[Round "7"]
[White "Christiansen, Jens Jorgen"]
[Black "Kittilsen, Sigurd"]
[Result "1/2-1/2"]
[WhiteElo "2086"]
[BlackElo "1893"]
[EventDate "2018.07.21"]
[WhiteFideId "1401670"]
[BlackFideId "1515624"]

1.d4 Nf6 2.c4 e6 3.Nf3 Bb4+ 4.Bd2 Qe7 5.g3 b6 6.Bg2 Bb7 7.O-O Bxd2 8.Nbxd2
O-O 9.Qc2 d6 10.b4 e5 11.Nb3 Nc6 12.dxe5 Nxe5 13.Nfd4 Bxg2 14.Kxg2 c5 15.
bxc5 dxc5 16.Nf5 Qe6 17.Ne3 Nc6 18.Qf5 Qxf5 19.Nxf5 Rad8 20.Rad1 Rfe8 21.
e3 Ne4 22.a3 g6 23.Nh4 Ne5 24.Nf3 Nxc4 25.a4 Nb2 26.Ra1 Rd3 27.Nc1 Rd6 28.
Ne2 Nd3 29.Nf4 Red8 30.a5 Nxf4+ 31.gxf4 Nd2 32.Nxd2 Rxd2 33.axb6 axb6 34.
Rfb1 Re8 35.Kf3 Re6 36.Ra8+ Kg7 37.Rb8 Rdd6 38.f5 Re5 39.fxg6 Rxg6 40.
R8xb6 Rf5+ 41.Ke2 Rg2 42.Rf1 Rxh2 43.Rc6 Kf8 44.e4 Re5 45.Ke3 f5 46.Kf4 
Rxe4+ 47.Kxf5 Ra4 48.f4 Ke7 49.Rd1 Rd4 50.Rxd4 cxd4 51.Ke4 Rf2 1/2-1/2

[Event "Xtracon Chess Open 2018"]
[Site "Elsinore"]
[Date "2018.07.26"]
[Round "7"]
[White "Bebchuk, Leonid"]
[Black "Moller, Arne Vang"]
[Result "1-0"]
[WhiteElo "2072"]
[BlackElo "1890"]
[EventDate "2018.07.21"]
[WhiteFideId "2803305"]
[BlackFideId "1406175"]

1.e4 c5 2.Nc3 d6 3.g3 g6 4.Bg2 Bg7 5.d3 Nc6 6.f4 e6 7.Nf3 a6 8.O-O Qc7 9.
Bd2 Nge7 10.a3 O-O 11.Rb1 b5 12.h3 Bb7 13.Kh2 Rac8 14.a4 Nd4 15.axb5 Nxb5 
16.Na4 d5 17.e5 d4 18.c4 dxc3 19.bxc3 Rfd8 20.c4 Nd4 21.Rxb7 Qxb7 22.Nxd4 
Qd7 23.Nf3 Qxd3 24.Qb1 Qa3 25.Qa1 Qb3 26.Rb1 Qc2 27.Ba5 Rd3 28.Ne1 1-0

[Event "Xtracon Chess Open 2018"]
[Site "Elsinore"]
[Date "2018.07.26"]
[Round "7"]
[White "Nielsen, Klaus"]
[Black "Myrheim, Hakon Abeland"]
[Result "1/2-1/2"]
[WhiteElo "2057"]
[BlackElo "1888"]
[EventDate "2018.07.21"]
[WhiteFideId "1410210"]
[BlackFideId "1526820"]

1.e4 c5 2.Nf3 Nc6 3.d4 cxd4 4.Nxd4 g6 5.c4 Nf6 6.Nc3 d6 7.Be2 Nxd4 8.Qxd4 
Bg7 9.O-O O-O 10.Qd3 Be6 11.h3 Rc8 12.Nd5 Nxd5 13.cxd5 Bd7 14.Be3 a6 15.
Qd2 Qc7 16.Rac1 Qb8 17.Bg5 f6 18.Be3 f5 19.exf5 Bxf5 20.Bh6 Rxc1 21.Rxc1 
Rc8 22.Bxg7 Rxc1+ 23.Qxc1 Kxg7 24.Qe3 Qc7 25.g4 Bc8 26.h4 Kf7 27.Qh6 Kg8 
28.Qg5 Kf7 29.Bd3 Qd7 30.Qf4+ Kg7 31.Qd4+ Kg8 32.f3 Qc7 33.h5 Qc1+ 34.Kg2 
gxh5 35.gxh5 Qg5+ 36.Kf2 Qd2+ 37.Kg3 Qg5+ 38.Kf2 Qxh5 39.Qf4 h6 40.Be4 Qg5
41.Qxg5+ hxg5 42.f4 gxf4 43.Kf3 Kf7 44.Kxf4 Kf6 45.b4 b5 46.Bc2 Bh3 47.a4 
bxa4 48.Bxa4 Bf1 49.Bb3 Bb5 50.Ba2 Kf7 51.Bb3 Kf6 52.Ba2 Bd7 53.Bc4 Bc8 
54.Bb3 e6 55.dxe6 Bxe6 56.Bc2 Bd7 57.Be4 Bb5 58.Bd5 Bf1 59.Bg8 Ke7 60.Ke4 
Kd7 61.Kd4 Kc6 62.Bd5+ Kb5 63.Kc3 Be2 64.Bb7 Bg4 65.Bd5 Bd7 66.Bc4+ Kb6 
67.Kd4 Bc6 68.Bd3 a5 69.bxa5+ Kxa5 70.Bg6 d5 71.Bf7 1/2-1/2

[Event "Xtracon Chess Open 2018"]
[Site "Elsinore"]
[Date "2018.07.26"]
[Round "7"]
[White "Mortensen, Rogvi"]
[Black "Smeby, Ole"]
[Result "1/2-1/2"]
[WhiteElo "2047"]
[BlackElo "1887"]
[EventDate "2018.07.21"]
[WhiteFideId "7202369"]
[BlackFideId "1503677"]

1.d4 Nf6 2.c4 c5 3.d5 b5 4.cxb5 a6 5.bxa6 Bxa6 6.Nc3 g6 7.e4 Bxf1 8.Kxf1 
d6 9.g3 Bg7 10.Kg2 O-O 11.Nf3 Nbd7 12.a4 Qa5 13.Bd2 Rfb8 14.Nb5 Qb6 15.Qc2
Ne8 16.Bc3 Nc7 17.Nxc7 Qxc7 18.Bxg7 Kxg7 19.Nd4 Rb7 20.Nb5 Qa5 21.b3 Rab8 
22.Rac1 Nf6 23.Rhe1 Ne8 24.Qc3+ Qxc3 25.Rxc3 Nc7 26.Nxc7 Rxc7 27.e5 Rcb7 
28.exd6 exd6 29.Ree3 Rb4 30.Kf3 Rd4 31.Red3 Rbb4 32.Ke2 Kf6 33.f4 h5 34.
Rxd4 Rxd4 35.Rc4 Rxd5 36.a5 h4 37.a6 Rh5 38.a7 Rh8 39.Ra4 Ra8 40.Kd3 hxg3 
41.hxg3 d5 42.Ra5 Ke6 43.Ra6+ Kf5 44.Ra5 Kg4 45.Rxc5 Rxa7 46.Rxd5 Kxg3 47.
Rd4 f5 48.b4 Kg4 49.b5 Rb7 50.Kc4 g5 51.fxg5+ Kxg5 52.Kc5 f4 53.Kc6 Rb8 
54.b6 Kg4 55.Kc7 Rxb6 56.Kxb6 Kg3 57.Rxf4 1/2-1/2

[Event "Xtracon Chess Open 2018"]
[Site "Elsinore"]
[Date "2018.07.26"]
[Round "7"]
[White "Fjallheim, Leif Reinert"]
[Black "Skaarup, Kasper"]
[Result "0-1"]
[WhiteElo "1886"]
[BlackElo "2037"]
[EventDate "2018.07.21"]
[WhiteFideId "7201788"]
[BlackFideId "1446045"]

1.e4 e6 2.d4 d5 3.Nd2 Nf6 4.e5 Nfd7 5.Bd3 c5 6.c3 Nc6 7.Ne2 cxd4 8.cxd4 f6
9.exf6 Nxf6 10.O-O Bd6 11.Nf3 O-O 12.Bf4 Nh5 13.Bxd6 Qxd6 14.Re1 Bd7 15.a3
Rae8 16.Qc2 Nf6 17.Ng3 e5 18.dxe5 Nxe5 19.Nxe5 Rxe5 20.h3 Rfe8 21.Kf1 Ne4 
22.Nxe4 dxe4 23.Bc4+ Kh8 24.Rad1 Qc7 25.Bb3 Bb5+ 26.Kg1 Qe7 27.Re3 h6 28.
Rc1 Qf6 29.Qd2 Rf8 30.Qe1 Rf5 31.Rc2 Bd3 32.Rd2 Rb5 33.Bc2 Bxc2 34.Rxc2 
Rxb2 35.Rxb2 Qxb2 36.Rxe4 Qxa3 37.Re7 Qb2 38.Re2 Qd4 39.Rd2 Qf6 40.Qe3 a6 
41.Rd7 b5 42.Qc5 Re8 43.Rd1 Qe5 44.Qb6 Re6 45.Qa5 Qe2 46.Qa1 Qe4 47.f3 Qe2
48.Rd8+ Kh7 49.Qb1+ Rg6 50.Rh8+ Kxh8 51.Qxg6 b4 52.Qf5 Qe1+ 53.Kh2 Qe8 54.
g4 b3 55.g5 Qe2+ 56.Kg3 Qe1+ 57.Kh2 Qd2+ 58.Kh1 Qc1+ 59.Kg2 Qc2+ 0-1

[Event "Xtracon Chess Open 2018"]
[Site "Elsinore"]
[Date "2018.07.26"]
[Round "7"]
[White "Alquist, Erik"]
[Black "Hansen, Verner"]
[Result "1-0"]
[WhiteElo "2035"]
[BlackElo "1876"]
[EventDate "2018.07.21"]
[WhiteFideId "1707701"]
[BlackFideId "1425285"]

1.e4 d5 2.exd5 Qxd5 3.Nc3 Qa5 4.d4 Nf6 5.Nf3 Bf5 6.Bc4 c6 7.Bd2 Qb6 8.O-O 
e6 9.Re1 Bb4 10.Bg5 Nbd7 11.Na4 Qc7 12.c3 Be7 13.Bd3 Bxd3 14.Qxd3 O-O 15.
b4 Rad8 16.Qe2 Nd5 17.Bxe7 Nxe7 18.Nc5 Nd5 19.Qc4 N7f6 20.Ne5 b5 21.Qd3 
Ne7 22.a4 a5 23.axb5 axb4 24.cxb4 cxb5 25.Qxb5 Rxd4 26.Nxf7 Rb8 27.Qe2 Rh4
28.g3 Rhxb4 29.Qxe6 R8b6 30.Ra8+ Rb8 31.Rxb8+ Qxb8 32.Ng5+ Kh8 33.Qxe7 h6 
34.Nd7 1-0

[Event "Xtracon Chess Open 2018"]
[Site "Elsinore"]
[Date "2018.07.26"]
[Round "7"]
[White "Undheim, Bjarne"]
[Black "Fransson, Angelina"]
[Result "1-0"]
[WhiteElo "1878"]
[BlackElo "2035"]
[EventDate "2018.07.21"]
[WhiteFideId "1506862"]
[BlackFideId "1712632"]

1.e4 c5 2.Nf3 e6 3.Qe2 Nc6 4.g3 d6 5.Bg2 Nge7 6.d3 g6 7.O-O Bg7 8.Nc3 O-O 
9.Bf4 e5 10.Be3 Nd4 11.Qd2 f5 12.Bg5 Ndc6 13.Nd5 Qd7 14.Nxe7+ Nxe7 15.Bh6 
f4 16.Bxg7 Kxg7 17.h3 h5 18.Kh2 Ng8 19.c3 Qe7 20.Rae1 g5 21.Rh1 g4 22.Nh4 
Nh6 23.Kg1 gxh3 24.Bxh3 Bg4 25.Bxg4 hxg4 26.Ng2 Qf6 27.Nh4 Rh8 28.Rh2 Raf8
29.Qe2 Kg8 30.Qd1 f3 31.Qb3+ Rf7 32.Qa4 Kg7 33.Qxa7 Qg5 34.Re3 Rd7 35.c4 
Kf6 36.Qb6 Nf7 37.Qb5 Ke6 38.b4 Rxh4 39.Rxh4 cxb4 40.Qxb4 Qg7 41.Kf1 Nd8 
42.Qd2 Qg8 43.Ke1 Rh7 44.Rxh7 Qxh7 45.Kd1 Nc6 46.Re1 Qh2 47.Rf1 Qh3 48.Qe1
Qh8 49.Rh1 Qa8 50.Rh6+ Kd7 51.Rh7+ Ke6 52.Qd2 Qa4+ 53.Ke1 Qb4 54.Qxb4 Nxb4
55.Kd2 1-0

[Event "Xtracon Chess Open 2018"]
[Site "Elsinore"]
[Date "2018.07.26"]
[Round "7"]
[White "Oland, Arne"]
[Black "Svendsen, Mads O."]
[Result "0-1"]
[WhiteElo "1875"]
[BlackElo "2030"]
[EventDate "2018.07.21"]
[WhiteFideId "1422081"]
[BlackFideId "1411780"]

1.d4 Nf6 2.Nf3 g6 3.c4 Bg7 4.Nc3 d5 5.Bg5 c6 6.e3 O-O 7.c5 Re8 8.Be2 b6 9.
b4 Nfd7 10.Rc1 bxc5 11.bxc5 Qa5 12.Qd2 e5 13.Ne4 Qxd2+ 14.Nexd2 h6 15.Bh4 
exd4 16.Nb3 dxe3 17.O-O exf2+ 18.Rxf2 Ba6 19.Rc2 Bxe2 20.Rfxe2 Na6 21.Be7 
Nb4 22.Rcd2 Bc3 23.Rd1 Nxa2 24.Kf1 a5 25.Nbd4 Bxd4 26.Rxd4 Nc3 27.Re1 Ne4 
28.Bd6 Ndxc5 29.Bxc5 Nxc5 30.Rc1 0-1

[Event "Xtracon Chess Open 2018"]
[Site "Elsinore"]
[Date "2018.07.26"]
[Round "7"]
[White "Lunde, Sigmund"]
[Black "Pakmor, Claus"]
[Result "0-1"]
[WhiteElo "1863"]
[BlackElo "2023"]
[EventDate "2018.07.21"]
[WhiteFideId "1511351"]
[BlackFideId "1431609"]

1.e4 e5 2.Bc4 Nc6 3.a3 Nf6 4.d3 d5 5.exd5 Nxd5 6.Ne2 Bg4 7.O-O a5 8.Bb5 
Be7 9.c4 Nf4 10.Bxf4 exf4 11.f3 Bf5 12.d4 O-O 13.Bxc6 bxc6 14.Nxf4 Bg5 15.
Ne2 Be3+ 16.Kh1 Rb8 17.b3 Re8 18.Nbc3 Qf6 19.Ne4 Qg6 20.N2g3 Bc8 21.Re1 f5
22.Rxe3 fxe4 23.Rxe4 Be6 24.Rb1 a4 25.d5 cxd5 26.cxd5 Rbd8 27.Rd4 c5 28.
Rxa4 Bxd5 29.Qc1 Qd3 30.Qf1 Bxb3 31.Qxd3 Rxd3 32.Re4 Rc8 33.h4 c4 34.Nf5 
Kf7 35.Rd4 Rd8 36.Rxd8 Rxd8 37.Ne3 Rd3 38.Ng4 Ke6 39.Kh2 Ba2 40.a4 Bxb1 
0-1

[Event "Xtracon Chess Open 2018"]
[Site "Elsinore"]
[Date "2018.07.26"]
[Round "7"]
[White "Pedersen, Lars Wisler"]
[Black "Roder, Peter Ulrik"]
[Result "1/2-1/2"]
[WhiteElo "1856"]
[BlackElo "2021"]
[EventDate "2018.07.21"]
[WhiteFideId "1417045"]
[BlackFideId "1402471"]

1.e4 b6 2.Nc3 Bb7 3.d4 e6 4.Bc4 Nf6 5.f3 d5 6.exd5 exd5 7.Bd3 Be7 8.Nge2 
c5 9.Bb5+ Nbd7 10.O-O O-O 11.Kh1 c4 12.Bxd7 Qxd7 13.Qe1 b5 14.Qg3 b4 15.
Nd1 Bd6 16.Qg5 h6 17.Qh4 Qf5 18.Ne3 Qg6 19.Nf4 Bxf4 20.Qxf4 Rfe8 21.Bd2 a5
22.Rae1 Bc6 23.Qc7 Re6 24.Ng4 Ne8 25.Rxe6 Qxe6 26.Qe5 Qxe5 27.Nxe5 Bb5 28.
c3 f6 29.Ng6 Kf7 30.Nf4 Nc7 31.Re1 g5 1/2-1/2

[Event "Xtracon Chess Open 2018"]
[Site "Elsinore"]
[Date "2018.07.26"]
[Round "7"]
[White "Hakansson, Stefan"]
[Black "Amin, Idris"]
[Result "1-0"]
[WhiteElo "2019"]
[BlackElo "1855"]
[EventDate "2018.07.21"]
[WhiteFideId "1708198"]
[BlackFideId "1746022"]

1.d4 Nf6 2.c4 g6 3.Nc3 Bg7 4.e4 d6 5.Nge2 c5 6.d5 a6 7.Ng3 h5 8.h4 Bd7 9.
a4 e6 10.Be2 exd5 11.exd5 Ng4 12.Nce4 Qb6 13.a5 Qc7 14.Qb3 f5 15.Qxb7 Ra7 
16.Qxc7 Rxc7 17.Bxg4 hxg4 18.Nxd6+ Ke7 19.Bf4 Ra7 20.O-O Ra8 21.Rab1 Ba4 
22.b3 Bd7 23.Rfe1+ Kf8 24.Nb7 Bc3 25.Rec1 Bb4 26.Bd6+ Kf7 27.Bxc5 Bxc5 28.
Nxc5 Rxh4 29.Re1 f4 30.Ne2 g3 31.fxg3 fxg3 32.Nxg3 Bf5 33.Nxf5 gxf5 34.Re6
Ra7 35.Rf1 Rh5 36.g4 Rh3 37.Rxf5+ Kg7 38.Kg2 Rc3 39.Re8 Nd7 40.Re7+ Kg6 
41.Nxd7 Ra8 42.Nf8+ Rxf8 43.Rxf8 Rxb3 44.d6 Rb2+ 45.Kf3 1-0

[Event "Xtracon Chess Open 2018"]
[Site "Elsinore"]
[Date "2018.07.26"]
[Round "7"]
[White "Ufnarovski, Victor"]
[Black "Stern, Geoffrey"]
[Result "0-1"]
[WhiteElo "1854"]
[BlackElo "2008"]
[EventDate "2018.07.21"]
[WhiteFideId "1743856"]
[BlackFideId "4002679"]

1.d4 d5 2.c4 e6 3.Nc3 Nf6 4.Bg5 Nbd7 5.e3 c6 6.Nf3 Qa5 7.Qc2 Ne4 8.Bf4 Bb4
9.Rc1 Qxa2 10.Bd3 Bxc3+ 11.bxc3 Qxc2 12.Rxc2 O-O 13.Bxe4 dxe4 14.Ng5 e5 
15.dxe5 Nc5 16.e6 Nxe6 17.Nxe6 Bxe6 18.c5 Rfd8 19.Be5 b6 20.cxb6 axb6 21.
O-O Rd7 22.Rb2 f6 23.Bg3 b5 24.Rb4 Bc4 25.Rc1 Rd3 26.Rb2 Rxc3 27.Re1 Rd3 
28.f3 f5 29.Be5 Bd5 30.Kf2 Kf7 31.Rc1 g6 32.f4 Raa3 33.Bd4 Ke6 34.g3 Bc4 
35.Re1 Kd5 36.Bf6 c5 37.Be7 b4 38.Rc1 Rdc3 39.Rxc3 bxc3 40.Rb6 Bd3 41.Rd6+
Kc4 42.Rc6 Ra5 43.Ke1 c2 44.Kd2 Ra1 45.Rxc5+ Kb3 46.Rc3+ Kb2 47.Ba3+ Rxa3 
48.Rxa3 Kxa3 49.Kc1 h5 50.h3 Kb3 51.h4 Kc3 52.g4 fxg4 53.f5 g3 0-1

[Event "Xtracon Chess Open 2018"]
[Site "Elsinore"]
[Date "2018.07.26"]
[Round "7"]
[White "Schmied, Andreas"]
[Black "Satre, Roger"]
[Result "1/2-1/2"]
[WhiteElo "1997"]
[BlackElo "1834"]
[EventDate "2018.07.21"]
[WhiteFideId "4625897"]
[BlackFideId "1510320"]

1.d4 d5 2.Nf3 Nf6 3.c4 c6 4.Nc3 e6 5.e3 Nbd7 6.Bd2 a6 7.c5 Qc7 8.b4 e5 9.
dxe5 Nxe5 10.Be2 Bg4 11.Nxe5 Bxe2 12.Nxe2 Qxe5 13.Bc3 Qg5 14.O-O g6 15.f4 
Qf5 16.Ng3 Qe6 17.Qf3 Bh6 18.e4 O-O 19.Rae1 Nxe4 20.Nxe4 dxe4 21.Rxe4 Qxa2
22.f5 Qd5 23.Qe2 Rad8 24.Rd4 Rde8 25.Rxd5 Rxe2 26.Rd7 Rc2 1/2-1/2

[Event "Xtracon Chess Open 2018"]
[Site "Elsinore"]
[Date "2018.07.26"]
[Round "7"]
[White "Matras, Ove"]
[Black "Quinn, David"]
[Result "1-0"]
[WhiteElo "1839"]
[BlackElo "1987"]
[EventDate "2018.07.21"]
[WhiteFideId "1416790"]
[BlackFideId "2401452"]

1.e4 e5 2.Nf3 Nc6 3.Bb5 a6 4.Ba4 Nf6 5.Nc3 d6 6.d4 exd4 7.Nxd4 Bd7 8.O-O 
Be7 9.f4 O-O 10.Bb3 Re8 11.Nf3 Bf8 12.Ng5 Re7 13.Nd5 Nxd5 14.Bxd5 Be6 15.
Bxe6 fxe6 16.f5 Qe8 17.Nxe6 Nd8 18.Nxd8 Rxd8 19.Bg5 Rxe4 20.Bxd8 Qxd8 1-0